000
00246nam a22000977a 4500
041
_a
ENG
245
_a
I.P.S.C Civil Services Exam (Main ) General Studies 1979
260
_a
Delhi
_b
ICAR
_c
1995
650
_a
Competitive (47)
856
_u
Competitive (47)
999
_c
3064
_d
3064